00398 a2200109 4500001001000000005001700010008004100027245005400068100002400122773012500146999001700271ART_2303920260410161928.0260409a 10aIndices económicos para la Provincia de Mendoza1 aToranzos, Fausto I.0 tRevista de la Facultad de Ciencias Económicas de la Universidad de Cuyog- Año VI, Nº 18 (sep./dic. 1954)wREV22981 c28353d28353